000 00492nam a2200181Ia 4500
005 20250326124259.0
008 250326s9999 xx 000 0 und d
037 _aTextbook
040 _aFMSL
_beng
_cFMSL
041 _aeng
_2eng
084 _aX:513 L7;1
_qFMSL
100 _aPandya I H
_9737147
245 0 _aEnglish language in advertising
_cPandya I H
260 _aDelhi
_bDelhi, Ajanta
_c1977
300 _a192p
942 _cTB
_hX:513 L7;1
999 _c1273081
_d1273081